Sejarah kemunculan fahaman al-Salafiyyah al-Wahabiyyah

Bibliographic Details
Main Author: Zamihan Mat Zin al-Ghari (Author)
Format: Book
Published: Johor, Malaysia : Sekretariat Menangani Isu-Isu Akidah dan Syariah, Majlis Agama Islam Negeri Johor 2008, reprinted 2015
Series:al-Bayan
Subjects:

MARC

LEADER 00000cam a2200000 7i4500
001 0000099721
005 20220816093000.0
008 201123s2008 my may
020 |a 9789834388447 
040 |a UniSZA   |e rda 
050 0 0 |a BP195.W2   |b Z36 2008 
090 0 0 |a BP195.W2   |b Z36 2008 
100 0 |a Zamihan Mat Zin al-Ghari ,   |e author 
245 1 0 |a Sejarah kemunculan fahaman al-Salafiyyah al-Wahabiyyah   |c Haji Zamihan Haji Mat Zin al-Ghari 
264 1 |a Johor, Malaysia :   |b Sekretariat Menangani Isu-Isu Akidah dan Syariah, Majlis Agama Islam Negeri Johor   |c 2008, reprinted 2015 
300 |a iii, 25 pages ;   |c 21 cm. 
336 |a text  |2 rdacontent 
337 |a unmediated  |2 rdamedia 
338 |a volume  |2 rdacarrier 
490 1 |a al-Bayan 
505 0 |a 1. Pendahuluan -- 2. Definisi -- 3. Sejarah kemunculan al-Salafiyyah al-Wahhabiyyah -- 4. Objektif -- 5. Sejarah awal -- 6. Pemeringkatan dakwah dan gerakan al-Wahhabiyyah -- 7. Kerajaan Saudi yang ketiga -- 8. Realiti sejarah global -- 9. Sejarah perbandingan -- 10. Sejarah pembangunan kontemporari -- 11. Kesimpulan 
650 0 |a Islamic sects   |x History 
650 0 |a Wahhabiyah 
650 0 |a Wahhabiyah   |x History 
999 |a 1000181151   |b Book   |c OPEN SHELF (30 DAYS)   |e Gong Badak Campus